Nomi Femminili italiani più diffusi - Statistics

Statistiche generali
  • Questo quiz è stato fatto 1.191 volte
  • Il punteggio medio è 9 su 20
Statistiche sulle risposte
Hint Risposta % Corretto
12 Anna Maria
89%
1 Maria
89%
2 Anna
86%
11 Francesca
75%
20 Paola
55%
8 Lucia
54%
6 Giovanna
46%
15 Elena
45%
4 Rosa
44%
14 Carla
40%
5 Angela
37%
3 Giuseppina
37%
7 Teresa
31%
10 Caterina
26%
17 Rita
25%
9 Carmela
23%
18 Margherita
23%
16 Concetta
21%
19 Franca
21%
13 Antonietta
18%
Nessun quiz corrispondente trovato
Distribuzione punteggi
Percentuale di utenti per punteggio
Percentile per numero di risposta
I tuoi punteggi nel tempo
Non hai fatto questo quiz